书目信息 |
| 题名: |
犯罪心理画像
|
|
| 作者: | 许大鹏 著 ;京师心智 组编 | |
| 分册: | ||
| 出版信息: | 北京 台海出版社 2018 |
|
| 页数: | 219页 | |
| 开本: | 24cm | |
| 丛书名: | ||
| 单 册: | ||
| 中图分类: | D917.2-49 | |
| 科图分类: | ||
| 主题词: | 犯罪心理学--fan zui xin li xue--通俗读物 | |
| 电子资源: | ||
| ISBN: | 978-7-5168-1827-5 | |
| 000 | 01129nam0 2200265 450 | |
| 001 | 012001008712 | |
| 005 | 20140102093515.0 | |
| 010 | @a978-7-5168-1827-5@dCNY39.80 | |
| 099 | @aCAL 012018113171 | |
| 100 | @a20180716d2018 em y0chiy0121 ea | |
| 101 | 0 | @achi |
| 102 | @aCN@b110000 | |
| 105 | @ay z 000yy | |
| 106 | @ar | |
| 200 | 1 | @a犯罪心理画像@Afan zui xin li hua xiang@f许大鹏著@g京师心智组编 |
| 210 | @a北京@c台海出版社@d2018 | |
| 215 | @a219页@d24cm | |
| 314 | @a许大鹏, 知名心理学畅销书作家, 致力于研究犯罪心理学、通俗心理学。 | |
| 330 | @a随着社会高速发展, 犯罪也在不断升级, 残忍暴徒不断犯下惊天大案, 使得各国警方疲于奔命, 破案率直线下降。为了准确预测犯罪风险, 找出凶手们的共性, 预防连环凶案的出现, 犯罪心理画像技术应运而生。犯罪心理画像是通过分析作案人遗留下来的各种表象或信息, 来刻画作案人犯罪心理及外在形象的侦查过程。犯罪心理画像是查办连环凶案的强有力武器。 | |
| 606 | 0 | @a犯罪心理学@Afan zui xin li xue@j通俗读物 |
| 690 | @aD917.2-49@v5 | |
| 701 | 0 | @a许大鹏@Axu da peng@4著 |
| 712 | 02 | @a京师心智@Ajing shi xin zhi@4组编 |
| 801 | 0 | @aCN@b上海新华@c20191020 |
| 905 | @b1185536-9@dD917.2-49@e874@f4 | |
| 犯罪心理画像/许大鹏著/京师心智组编.-北京:台海出版社,2018 |
| 219页;24cm |
| ISBN 978-7-5168-1827-5:CNY39.80 |
| 随着社会高速发展, 犯罪也在不断升级, 残忍暴徒不断犯下惊天大案, 使得各国警方疲于奔命, 破案率直线下降。为了准确预测犯罪风险, 找出凶手们的共性, 预防连环凶案的出现, 犯罪心理画像技术应运而生。犯罪心理画像是通过分析作案人遗留下来的各种表象或信息, 来刻画作案人犯罪心理及外在形象的侦查过程。犯罪心理画像是查办连环凶案的强有力武器。 |
| ● |
| 相关链接 |
|
|
|
|
正题名:犯罪心理画像
索取号:D917.2-49/874
 
预约/预借
| 序号 | 登录号 | 条形码 | 馆藏地/架位号 | 状态 | 备注 |
| 1 | 1185536 | 211855367 | 第一样本阅览室/ [索取号:D917.2-49/874] | 在馆 | |
| 2 | 1185537 | 211855376 | 第一借阅区/ [索取号:D917.2-49/874] | 在馆 | |
| 3 | 1185538 | 211855385 | 第一借阅区/ [索取号:D917.2-49/874] | 在馆 | |
| 4 | 1185539 | 211855394 | 第一借阅区/ [索取号:D917.2-49/874] | 在馆 |